Pokémon Learnset Quiz - Statistics

General Stats
  • This quiz has been taken 54 times
  • The average score is 20 of 20
Answer Stats
Pokémon Generation Move % Correct
Rampardos 4 Headbutt|Leer|Focus Energy|Pursuit|Take Down|Scary Face| Assurance|AncientPower|Endeavor|Zen Headbutt|Screech|Head Smash
100%
Moltres 1 Fire Spin|Peck|Leer|Agility|Sky Attack
100%
Greninja 6 Growl|Mat Block|Night Slash|Pound|Role Play|Bubble|Quick Attack|Lick|Water Pulse|Smokescreen|Shadow Sneak|Spikes|Feint Attack| Water Shuriken|Substitute|Extrasensory|Double Team|Haze| Hydro Pump
100%
Diggersby 7 Hammer Arm|Rototiller|Bulldoze|Swords Dance|Tackle|Agility|Leer|Quick Attack|Mud Slap|Take Down|Mud Shot|Double Kick|Odor Sleuth| Flail|Dig|Bounce|Super Fang|Facade|Earthquake
100%
Charizard 1 Scratch|Growl|Ember|Leer|Rage|Slash|Flamethrower|Fire Spin
100%
Magikarp 8 Splash|Tackle|Flail
100%
Luvdisc 3 Tackle|Charm|Water Gun|Agility|Take Down|Attract|Sweet Kiss|Flail|Safeguard
100%
Corsola 2 Tackle|Harden|Bubble|Recover|Bubblebeam|Spike Cannon|Mirror Coat|Ancientpower
100%
Castform 3 Tackle|Rain Dance|Sunny Day|Hail|Weather Ball|Water Gun|Ember|Powder Snow
100%
Jolteon 4 Tackle|Tail Whip|Helping Hand|Sand-Attack|Thundershock|Quick Attack|Double Kick|Pin Missile|Thunder Fang|Last Resort| Thunder Wave|Agility|Thunder|Discharge
100%
Ditto 7 Transform
100%
Wobuffett 2 Counter|Mirror Coat|Safeguard|Destiny Bond
98%
Hawlucha 6 Detect|Karate Chop|Tackle|Hone Claws|Wing Attack|Roost|Aerial Ace|Encore|Fling|Flying Press|Bounce|Endeavor|Feather Dance| High Jump Kick|Sky Attack|Sky Drop|Swords Dance
98%
Arceus 4 Seismic Toss|Cosmic Power|Natural Gift|Punishment|Gravity|Earth Power|Hyper Voice|Extremespeed|Refresh|Future Sight|Recover|Hyper Beam| Perish Song|Judgment
98%
Arcanine 6 Thunder Fang|Bite|Roar|Odor Sleuth|Fire Fang|Extremespeed
98%
Tentacruel 2 Acid|Supersonic|Wrap|Poison Sting|Bubblebeam|Constrict|Barrier|Screech|Hydro Pump
95%
Beldum 3 Take Down
95%
Aerodactyl 1 Wing Attack|Agility|Supersonic|Bite|Take Down|Hyper Beam
95%
Tranquill 5 Gust|Growl|Leer|Quick Attack|Air Cutter|Roost|Detect|Taunt|Air Slash|Razor Wind|Featherdance|Swagger|Facade|Tailwind|Sky Attack
93%
Stunfisk 5 Mud Slap|Mud Sport|Bide|Thunder Shock|Mud Shot|Camouflage|Mud Bomb|Discharge|Endure|Bounce|Muddy Water|Thunderbolt| Revenge|Flail|Fissure
93%
No matching quizzes found
Score Distribution
Percent of People with Each Score
Percentile by Number Answered
Your Score History
You have not taken this quiz